00514 2200181 4500001002100000005001500021035002000036007000300056008004100059020001800100082001000118084001600128100002000144245008800164260002500252300004500277650001000322INLIS00000000000001820260413085620 a0010-0426000004ta260413 g 0 ind  a9789797229894 a294.5 a294.5 IWA a0 aIWayan Suarjaya1 aAnalisis Upacara Wana Kertih Di Pura Batukaru Desa Wongaya Gede /cI Wayan Suarjaya aSurabaya :bParamita aii, 164 hlm. :bilus. ;c14.5cm x 20.5cm 4aHindu